00523nam a2200169Ia 450000500170000000800410001708200230005810000180008124500220009925000160012126000430013730000180018050000350019894200060023395200990023999900150033820250310041826.0240331s9999 xx 000 0 und d bYOG25133a894.811 aYoganathan, S 0aKaaninilam Vendum a2nd Edition aChennai,bNew Century Book Housec1987 aviii, 116 p., aA collection of short stories. cL 001040708LaWERCLbWERCLcSSCd2024-03-31l0o 894.811 YOGp5133r2024-03-31w2024-03-31yL c3814d3814